[Event "SR 3. liga A2 2014/2015"]
[Site "?"]
[Date "2014.12.14"]
[Round "5.4"]
[White "Ambros, Rafael"]
[Black "Merva, Frantisek"]
[Result "1/2-1/2"]
[WhiteElo "1994"]
[BlackElo "2045"]
[PlyCount "94"]
[EventDate "2015.??.??"]

1. e4 e5 2. Nf3 Nc6 3. d4 exd4 4. Nxd4 Bc5 5. Nb3 Bb6 6. Nc3 Nge7 7. Bg5 d6 8.
Qd2 f6 9. Bh4 Be6 10. O-O-O Ng6 11. Bg3 Nge5 12. Nd5 O-O 13. f3 Ne7 14. h4 Re8
15. Bxe5 dxe5 16. Bc4 Nxd5 17. Bxd5 Bxd5 18. Qxd5+ Qxd5 19. Rxd5 Be3+ 20. Kb1
Kf7 21. Rhd1 Bb6 22. Nc5 Bxc5 23. Rxc5 c6 24. Rc3 Rad8 25. Rcd3 Rxd3 26. Rxd3
Ke6 27. c4 h5 28. c5 g5 29. Rd6+ Kf7 30. hxg5 fxg5 31. Rh6 Kg7 32. Rxh5 Kg6 33.
Rh1 Rd8 34. Kc2 Rd4 35. b3 Rd7 36. Rh8 Kg7 37. Re8 Kf6 38. Rf8+ Ke6 39. Rh8 Rg7
40. Re8+ Kf6 41. Rf8+ Ke6 42. g4 Rf7 43. Rxf7 Kxf7 44. Kc3 Ke7 45. a4 Kd7 46.
Kc4 Kc7 47. b4 Kc8 1/2-1/2

[Event "SR 3. liga A2 2014/2015"]
[Site "?"]
[Date "2014.12.14"]
[Round "5.4"]
[White "Kahancova, Jana"]
[Black "Kubis, Ivan"]
[Result "0-1"]
[WhiteElo "1717"]
[BlackElo "1991"]
[PlyCount "68"]
[EventDate "2015.??.??"]

1. d4 Nf6 2. Nf3 e6 3. Bg5 Be7 4. Nbd2 d5 5. e3 O-O 6. Bd3 Nbd7 7. c3 h6 8. Bh4
b6 9. O-O Bb7 10. Re1 c5 11. Qe2 Re8 12. h3 c4 13. Bc2 b5 14. e4 dxe4 15. Nxe4
Nxe4 16. Bxe7 Qxe7 17. Bxe4 Nf6 18. Bxb7 Qxb7 19. Ne5 Re7 20. Qf3 Nd5 21. Rac1
a5 22. a3 Rc8 23. Re4 Nf6 24. Re3 Nd5 25. Re4 b4 26. axb4 axb4 27. Re2 b3 28.
Ra1 Ra8 29. Ree1 Ra2 30. Reb1 f6 31. Ng4 Qa6 32. Qd1 Nf4 33. Ne3 Nd3 34. d5
Nxb2 0-1

[Event "SR 3. liga A2 2014/2015"]
[Site "?"]
[Date "2014.12.14"]
[Round "5.4"]
[White "Jozefovic, Milan"]
[Black "Matis, Tibor"]
[Result "1-0"]
[WhiteElo "1891"]
[BlackElo "1664"]
[PlyCount "59"]
[EventDate "2015.??.??"]

1. e4 c5 2. Nf3 e6 3. Bc4 a6 4. a4 Nc6 5. O-O Bd6 6. d4 cxd4 7. Nxd4 Bc7 8.
Nxc6 bxc6 9. Qg4 Qf6 10. Nc3 d5 11. Bd3 Ne7 12. Bg5 Qg6 13. exd5 Nf5 14. Bxf5
exf5 15. Qe2+ Be6 16. dxe6 Qxg5 17. exf7+ Kxf7 18. Qc4+ Kf8 19. Qxc6 Rc8 20.
Qxa6 Rb8 21. Qc4 Rc8 22. Qb4+ Kf7 23. Qc4+ Kg6 24. Qe6+ Kh5 25. Qf7+ Kh6 26.
Nd5 Bb8 27. f4 Bxf4 28. Nxf4 Rhf8 29. Qb3 Rb8 30. Qh3+ 1-0

[Event "SR 3. liga A2 2014/2015"]
[Site "?"]
[Date "2014.12.14"]
[Round "5.4"]
[White "Kahanec, Jan"]
[Black "Kocak, Branislav"]
[Result "0-1"]
[WhiteElo "1691"]
[BlackElo "1912"]
[PlyCount "116"]
[EventDate "2015.??.??"]

1. e4 c5 2. Nc3 d6 3. d3 Nc6 4. Be3 g6 5. a3 Bg7 6. Qd2 Nf6 7. h3 Bd7 8. Nf3
Qa5 9. Be2 O-O 10. O-O a6 11. Bh6 Nd4 12. Bxg7 Kxg7 13. Rfe1 e5 14. Kh1 b5 15.
Qd1 b4 16. axb4 Qxb4 17. Qc1 Rfb8 18. Rb1 a5 19. Nd5 Nxd5 20. exd5 Qb7 21. Nxd4
cxd4 22. b3 Qb4 23. f4 Ra7 24. fxe5 dxe5 25. Bf3 f6 26. Qd1 Rc7 27. Qe2 Rbc8
28. Rbc1 Rxc2 29. Rxc2 Rxc2 30. Qxc2 Qxe1+ 31. Kh2 Qc3 32. Qd1 Qc5 33. g4 Be8
34. Qe2 Bf7 35. Qe4 Qb4 36. g5 Qd2+ 37. Bg2 Qf4+ 38. Qxf4 exf4 39. h4 fxg5 40.
hxg5 Kf8 41. Kh3 Ke7 42. Kg4 Kd6 43. Kxf4 Bxd5 44. Bxd5 Kxd5 45. Kf3 Ke5 46.
Kg4 Ke6 47. Kf4 Kd5 48. Kf3 Kc5 49. Ke4 Kb4 50. Kxd4 Kxb3 51. Ke5 a4 52. d4 a3
53. d5 a2 54. d6 a1=Q+ 55. Ke6 Qa6 56. Ke7 Qe2+ 57. Kf7 Qd3 58. Ke7 Qe4+ 0-1

[Event "SR 3. liga A2 2014/2015"]
[Site "?"]
[Date "2014.12.14"]
[Round "5.4"]
[White "Brunovsky, Peter"]
[Black "Gogora, Kristian"]
[Result "1-0"]
[WhiteElo "1869"]
[BlackElo "1528"]
[PlyCount "143"]
[EventDate "2015.??.??"]

1. d4 Nf6 2. Nf3 g6 3. Bf4 Bg7 4. e3 O-O 5. h3 d6 6. Bc4 Nbd7 7. O-O Nh5 8. Bh2
c5 9. c3 Nb6 10. Bb3 c4 11. Bc2 d5 12. Nbd2 Be6 13. Re1 f5 14. Ne5 Bd7 15. f3
f4 16. exf4 Nxf4 17. Nf1 Bf5 18. Bxf4 Bxc2 19. Qd2 Bf5 20. Bg3 Nd7 21. Nh2 Nxe5
22. Bxe5 Bxe5 23. Rxe5 Qd7 24. Rae1 Rae8 25. Ng4 Bxg4 26. hxg4 Rf6 27. Qg5 Kg7
28. Rxd5 Qa4 29. a3 Qc6 30. Rde5 Qd6 31. Qe3 Kf7 32. Qe4 b6 33. Qb7 a5 34. Qe4
h6 35. Qe2 Qc7 36. Qe3 Qd6 37. Qxh6 Rg8 38. Qh7+ Rg7 39. Rxe7+ Qxe7 40. Rxe7+
Kxe7 41. Qxg7+ Ke6 42. Qxf6+ Kxf6 43. f4 b5 44. f5 gxf5 45. gxf5 Kxf5 46. Kf2
Kf4 47. g3+ Ke4 48. Ke2 a4 49. g4 Kf4 50. g5 Kxg5 51. Ke3 Kf6 52. Ke4 Ke6 53.
d5+ Kd6 54. Kd4 b4 55. Kxc4 b3 56. Kd4 Kd7 57. c4 Kc7 58. c5 Kb7 59. d6 Kc6 60.
Kc4 Kb7 61. d7 Kc7 62. c6 Kd8 63. Kd5 Ke7 64. d8=Q+ Kxd8 65. Kd6 Kc8 66. c7 Kb7
67. Kd7 Kb6 68. c8=Q Ka7 69. Qc6 Kb8 70. Qb5+ Ka7 71. Kc7 Ka8 72. Qb8# 1-0

[Event "SR 3. liga A2 2014/2015"]
[Site "?"]
[Date "2014.12.14"]
[Round "5.4"]
[White "Bugar, Peter"]
[Black "Kanka, Tomas"]
[Result "1-0"]
[WhiteElo "1582"]
[BlackElo "1723"]
[PlyCount "101"]
[EventDate "2015.??.??"]

1. d4 Nf6 2. c4 c5 3. d5 b5 4. cxb5 a6 5. bxa6 Bxa6 6. Nc3 g6 7. Nf3 Bg7 8. g3
d6 9. Bg2 O-O 10. O-O Nbd7 11. Re1 Qc7 12. e4 Ng4 13. Bd2 Rfb8 14. b3 Nge5 15.
Nxe5 Nxe5 16. Bf1 Bxf1 17. Rxf1 c4 18. f4 Qc5+ 19. Kg2 Nd3 20. Na4 Qa3 21. Bc3
Bxc3 22. Nxc3 Qb2+ 23. Ne2 Rxa2 24. Rxa2 Qxa2 25. bxc4 Qxc4 26. Rf3 Rb3 27. Re3
Ne1+ 28. Kf2 Rxe3 29. Kxe3 Qc5+ 30. Nd4 Qc3+ 31. Ke2 Ng2 32. Qd2 Qxd2+ 33. Kxd2
h5 34. Nf3 e6 35. Ke2 exd5 36. exd5 Nxf4+ 37. gxf4 Kg7 38. Ng5 Kf6 39. Ne4+ Kf5
40. Kf3 g5 41. Nxd6+ Kf6 42. fxg5+ Kxg5 43. Nxf7+ Kf6 44. Kf4 Kxf7 45. Kg5 h4
46. Kxh4 Ke7 47. Kg5 Kd6 48. h4 Kxd5 49. h5 Ke6 50. Kg6 Ke7 51. Kg7 1-0

[Event "SR 3. liga A2 2014/2015"]
[Site "?"]
[Date "2014.12.14"]
[Round "5.5"]
[White "Sturdik, Igor"]
[Black "Gasa, Patrik"]
[Result "0-1"]
[WhiteElo "1990"]
[BlackElo "2074"]
[PlyCount "92"]
[EventDate "2015.??.??"]

1. e4 c5 2. Nf3 e6 3. d4 cxd4 4. Nxd4 Nc6 5. Nc3 Qc7 6. Be2 Nf6 7. O-O Be7 8.
Be3 O-O 9. f4 d6 10. Qd2 a6 11. Rad1 Bd7 12. f5 Nxd4 13. Bxd4 e5 14. Be3 Bc6
15. Bf3 b5 16. Bg5 b4 17. Nd5 Nxd5 18. exd5 Bxg5 19. Qxg5 f6 20. Qd2 Bb5 21.
Rfe1 a5 22. Be4 Rfc8 23. h4 Qc4 24. b3 Qc3 25. Qxc3 Rxc3 26. Kf2 Rac8 27. Re3
Kf7 28. h5 Rxe3 29. Kxe3 Rc3+ 30. Kf2 Kf8 31. Re1 Be8 32. g4 Bb5 33. Rd1 h6 34.
Rg1 Ke7 35. Re1 Kd8 36. Re3 Rc5 37. Re1 Kc7 38. a3 bxa3 39. Ra1 Rc3 40. Rxa3
Kb6 41. Ra1 Bd7 42. Re1 Kc5 43. Re3 Kd4 44. Rxc3 Kxc3 45. Ke3 a4 46. bxa4 Bxa4
0-1

[Event "SR 3. liga A2 2014/2015"]
[Site "?"]
[Date "2014.12.14"]
[Round "5.5"]
[White "Sebesta, Radovan"]
[Black "Nicolini, Alexander"]
[Result "1/2-1/2"]
[WhiteElo "2048"]
[BlackElo "2120"]
[PlyCount "43"]
[EventDate "2015.??.??"]

1. d4 f5 2. c4 Nf6 3. g3 g6 4. Bg2 Bg7 5. Nc3 c6 6. Nf3 O-O 7. O-O d6 8. d5 Bd7
9. Be3 Na6 10. Rb1 Qc7 11. Nd4 Nc5 12. dxc6 bxc6 13. b4 Nce4 14. Nxe4 Nxe4 15.
Qc2 e5 16. Nb3 Rac8 17. Rbc1 Nf6 18. Rfd1 Rfd8 19. Qd2 Be6 20. Bg5 Rd7 21. Bh6
Bh8 22. h3 1/2-1/2

[Event "SR 3. liga A2 2014/2015"]
[Site "?"]
[Date "2014.12.14"]
[Round "5.5"]
[White "Bukovsky, Milan"]
[Black "Palka, Martin"]
[Result "1/2-1/2"]
[WhiteElo "1922"]
[BlackElo "1890"]
[PlyCount "50"]
[EventDate "2015.??.??"]

1. d4 Nf6 2. c4 e6 3. Nf3 d5 4. Bg5 Nbd7 5. e3 Bb4+ 6. Nc3 O-O 7. Rc1 a6 8.
cxd5 exd5 9. Bd3 Re8 10. Qc2 h6 11. Bh4 c6 12. O-O Be7 13. h3 Ne4 14. Bxe7 Qxe7
15. Bxe4 dxe4 16. Nd2 Nf6 17. Na4 Nd5 18. Nc3 Nf6 19. Nc4 Bf5 20. Qe2 Rad8 21.
Nd2 Nd5 22. Nxd5 Rxd5 23. Rc3 Qg5 24. Kh2 Qd8 25. Re1 Re6 1/2-1/2

[Event "SR 3. liga A2 2014/2015"]
[Site "?"]
[Date "2014.12.14"]
[Round "5.5"]
[White "Skapikova, Lubica"]
[Black "Doucha, Ludvik"]
[Result "1/2-1/2"]
[WhiteElo "1862"]
[BlackElo "2006"]
[PlyCount "39"]
[EventDate "2015.??.??"]

1. e4 e5 2. Nf3 d6 3. d4 exd4 4. Nxd4 g6 5. Nc3 Bg7 6. Be3 Nf6 7. f3 O-O 8. Qd2
Nc6 9. O-O-O Nxd4 10. Bxd4 Be6 11. g4 c5 12. Be3 Qa5 13. Kb1 b5 14. Nd5 Qa6 15.
b3 Bxd5 16. exd5 Qa3 17. Qc1 Qa5 18. Qd2 Qa3 19. Qc1 Qa5 20. Qd2 1/2-1/2

[Event "SR 3. liga A2 2014/2015"]
[Site "?"]
[Date "2014.12.14"]
[Round "5.5"]
[White "Mosny, Jaroslav"]
[Black "Palka, Miroslav"]
[Result "0-1"]
[WhiteElo "1998"]
[BlackElo "1912"]
[PlyCount "86"]
[EventDate "2015.??.??"]

1. d4 d5 2. Nf3 e6 3. e3 g6 4. Bd3 Bg7 5. O-O Nf6 6. Nbd2 O-O 7. Ne5 Nbd7 8. f4
c5 9. c3 Qc7 10. g4 b6 11. g5 Ne8 12. h4 f6 13. Nxd7 Bxd7 14. Nf3 Nd6 15. Bd2
f5 16. Ne5 Bxe5 17. fxe5 Ne4 18. Be1 Kg7 19. Kg2 Be8 20. Bg3 Nxg3 21. Kxg3 Rh8
22. Kf4 h5 23. gxh6+ Rxh6 24. Rh1 Qe7 25. Qe1 Bf7 26. Qg3 Rah8 27. Kf3 Rxh4 28.
Rxh4 Qxh4 29. Qxh4 Rxh4 30. Kg3 g5 31. a4 c4 32. Bc2 Bg6 33. Bd1 Rh1 34. Kg2
Rh8 35. a5 b5 36. Bc2 Rb8 37. b4 cxb3 38. Bxb3 Rc8 39. Rc1 Rc7 40. Kf2 Be8 41.
Ke2 b4 42. Rb1 Rxc3 43. Bd1 Bh5+ 0-1

[Event "SR 3. liga A2 2014/2015"]
[Site "?"]
[Date "2014.12.14"]
[Round "5.5"]
[White "Zisek, Jaroslav"]
[Black "Bahna, Jan"]
[Result "1/2-1/2"]
[WhiteElo "1819"]
[BlackElo "1940"]
[PlyCount "61"]
[EventDate "2015.??.??"]

1. c4 e5 2. Nc3 Nc6 3. g3 g6 4. Bg2 Bg7 5. e4 d6 6. d3 Nge7 7. Nge2 Be6 8. O-O
Qd7 9. Be3 O-O 10. Qd2 Bh3 11. d4 Bxg2 12. Kxg2 f5 13. d5 Nd8 14. f4 Nf7 15.
Rac1 b6 16. fxe5 dxe5 17. Ng1 h6 18. Nf3 Kh7 19. Qd3 Rae8 20. h3 Nd6 21. Nh4
Rf7 22. Rc2 Ref8 23. Rcf2 fxe4 24. Nxe4 Nef5 25. Nxf5 Nxf5 26. Bd2 a5 27. b3
Nd6 28. Rxf7 Rxf7 29. Rxf7 Nxf7 30. Qf3 Qf5 31. g4 1/2-1/2

[Event "SR 3. liga A2 2014/2015"]
[Site "?"]
[Date "2014.12.14"]
[Round "5.5"]
[White "Krist, Milan"]
[Black "Fidericky, Milan"]
[Result "1/2-1/2"]
[WhiteElo "1913"]
[BlackElo "1772"]
[PlyCount "80"]
[EventDate "2015.??.??"]

1. d4 Nf6 2. Nf3 d5 3. c4 dxc4 4. Nc3 e6 5. e3 b6 6. Bxc4 Be7 7. O-O Bb7 8. Qe2
O-O 9. Rd1 c6 10. a3 Nbd7 11. Ba6 Qc8 12. Bxb7 Qxb7 13. Bd2 Rac8 14. Rac1 c5
15. Na2 cxd4 16. exd4 Nd5 17. Nc3 N7f6 18. Qd3 Rfd8 19. Nxd5 Nxd5 20. Rxc8 Rxc8
21. Rc1 Rxc1+ 22. Bxc1 Qc8 23. Bd2 h6 24. h3 a6 25. Ne5 b5 26. Qf3 Bf6 27. Qd1
Qc7 28. Nf3 Qc4 29. Qc1 Qxc1+ 30. Bxc1 Kf8 31. Kf1 Ke7 32. Ke2 Kd6 33. Kd3 g5
34. g3 Bg7 35. Nd2 Kc6 36. Ne4 Bf8 37. Nd2 f6 38. Nf1 Bd6 39. Nd2 Be7 40. Nf3
Nb6 1/2-1/2

[Event "SR 3. liga A2 2014/2015"]
[Site "?"]
[Date "2014.12.14"]
[Round "5.5"]
[White "Huska, Branislav"]
[Black "Hagara, Vladimir"]
[Result "1-0"]
[WhiteElo "1689"]
[BlackElo "1906"]
[PlyCount "47"]
[EventDate "2015.??.??"]

1. e4 c5 2. Nf3 d6 3. d4 cxd4 4. Nxd4 Nf6 5. Nc3 a6 6. Bg5 Nbd7 7. f4 Qc7 8.
Qf3 b5 9. Nd5 Nxd5 10. exd5 Bb7 11. Bd3 Nc5 12. O-O-O Nxd3+ 13. Rxd3 g6 14. f5
Qc4 15. Nc6 Bxc6 16. dxc6 Rc8 17. Rxd6 f6 18. Bxf6 exf6 19. Re1+ Be7 20. Rd7
Rxc6 21. Rexe7+ Kf8 22. Rf7+ Kg8 23. Rg7+ Kf8 24. Rdf7+ 1-0

[Event "SR 3. liga A2 2014/2015"]
[Site "?"]
[Date "2014.12.14"]
[Round "5.6"]
[White "Bango, Lukas"]
[Black "Abel, Peter"]
[Result "0-1"]
[WhiteElo "1917"]
[BlackElo "2174"]
[PlyCount "128"]
[EventDate "2015.??.??"]

1. c4 Nf6 2. Nc3 c5 3. g3 g6 4. Bg2 d6 5. Nf3 Nc6 6. d4 cxd4 7. Nxd4 Bd7 8. e4
Bg7 9. h3 O-O 10. Be3 a6 11. Rc1 Rc8 12. Nxc6 Bxc6 13. a4 Qa5 14. O-O Rfd8 15.
Qb3 Nd7 16. Nd5 Bxd5 17. exd5 h6 18. Rfe1 Re8 19. Qa3 Nc5 20. Re2 b5 21. axb5
Qxa3 22. bxa3 axb5 23. cxb5 Na4 24. Be4 Rxc1+ 25. Bxc1 Nc3 26. Re1 Nxb5 27. Bd3
Nc3 28. Bc4 Kf8 29. Bb2 Rc8 30. Ba6 Ra8 31. Bb7 Ra5 32. Kf1 Bf6 33. Bc1 h5 34.
g4 hxg4 35. hxg4 Nxd5 36. Bh6+ Kg8 37. g5 Be5 38. Bxd5 Rxd5 39. f4 Bxf4 40.
Rxe7 Bxg5 41. Bxg5 Rxg5 42. Ra7 Kg7 43. a4 Kf6 44. a5 Ke6 45. a6 Ra5 46. Ra8 f6
47. a7 Kf5 48. Kf2 g5 49. Kg3 g4 50. Kg2 d5 51. Rd8 Rxa7 52. Rxd5+ Kf4 53. Rd4+
Kg5 54. Kg3 Ra3+ 55. Kg2 f5 56. Rd5 Kf4 57. Rd4+ Ke3 58. Rd8 Rd3 59. Re8+ Kf4
60. Ra8 Rd2+ 61. Kg1 Ke3 62. Re8+ Kf3 63. Ra8 Rd1+ 64. Kh2 g3+ 0-1

[Event "SR 3. liga A2 2014/2015"]
[Site "?"]
[Date "2014.12.14"]
[Round "5.6"]
[White "Mihalik, Marek"]
[Black "Lezovic, Maros"]
[Result "1-0"]
[WhiteElo "2025"]
[BlackElo "1792"]
[PlyCount "83"]
[EventDate "2015.??.??"]

1. d4 d5 2. c4 Nf6 3. cxd5 Nxd5 4. Nf3 Nc6 5. e4 Nf6 6. Nc3 Bg4 7. Be3 e6 8.
Bb5 a6 9. Bxc6+ bxc6 10. Qa4 Bxf3 11. Qxc6+ Nd7 12. gxf3 Rb8 13. d5 exd5 14.
Nxd5 Bd6 15. Bd4 O-O 16. Rg1 Ne5 17. Qc3 Bb4 18. Nxb4 Qxd4 19. Qxd4 Nxf3+ 20.
Kf1 Nxd4 21. Nxa6 Rxb2 22. Nxc7 Rc8 23. Nd5 Rcc2 24. Rg2 Rxa2 25. Rd1 Ra8 $11
26. Ne3 g6 27. Rxd4 Rc1+ 28. Ke2 Re8 29. Kf3 Rc3 30. Kf4 Kf8 31. Rg5 h6 32. Ra5
Rc6 33. Ng4 Kg7 34. Ra7 h5 35. Ne3 Rf6+ 36. Kg3 Re5 37. f4 h4+ 38. Kg4 Rb5 39.
e5 Re6 40. Rdd7 Rb2 41. Rxf7+ Kg8 42. Rfd7 1-0

[Event "SR 3. liga A2 2014/2015"]
[Site "?"]
[Date "2014.12.14"]
[Round "5.6"]
[White "Lopatievov, Alexander"]
[Black "Stepanovic, Branislav"]
[Result "1/2-1/2"]
[WhiteElo "1926"]
[BlackElo "2003"]
[PlyCount "140"]
[EventDate "2015.??.??"]

1. b4 d5 2. Bb2 Nf6 3. e3 e6 4. a3 Be7 5. c4 O-O 6. Nf3 c5 7. bxc5 Bxc5 8. d4
Be7 9. Nbd2 b6 10. cxd5 exd5 11. Bd3 Bb7 12. O-O Ne4 13. Qc2 f5 14. Ne5 Nxd2
15. Qxd2 Nd7 16. f4 Nxe5 17. fxe5 Qd7 18. Qc2 Rac8 19. Qb3 Kh8 20. a4 Bg5 21.
Rf3 g6 22. a5 Bc6 23. Ba3 Rfe8 24. axb6 Rb8 25. Bc5 axb6 26. Bd6 Ra8 27. Rb1
Bd8 28. Rff1 Ra5 29. Ra1 Bg5 30. Qxb6 Bxe3+ 31. Kh1 Ra4 32. Rxa4 Bxa4 33. Ra1
Rc8 34. Bc5 Bc6 35. Ra7 Qd8 36. Qxd8+ Rxd8 37. Ra6 Ra8 38. g3 Rxa6 39. Bxa6 Bd7
40. Bb7 Be6 41. Kg2 g5 42. Kf3 Bd2 43. Ke2 Bc1 44. Bc6 g4 45. Kf2 Kg7 46. Be8
f4 47. Bb5 Be3+ 48. Kg2 f3+ 49. Kf1 Bf5 50. Ba6 Kf7 51. Bb5 Ke6 52. Bb6 h5 53.
Bc5 Bg6 54. Bb6 Bc2 55. Bc5 Bb3 56. Ke1 Bg1 57. Kf1 Bxh2 58. Kf2 Bd1 59. Ba6 h4
60. Bc8+ Kf7 61. e6+ Kf6 62. Bd6 Bxg3+ 63. Bxg3 hxg3+ 64. Kxg3 Ke7 65. Bb7 Bb3
66. Ba6 Bd1 67. Bb7 Kxe6 68. Bc8+ Kf6 69. Bxg4 Kg5 70. Be6 Bb3 1/2-1/2

[Event "SR 3. liga A2 2014/2015"]
[Site "?"]
[Date "2014.12.14"]
[Round "5.6"]
[White "Manak, Jozef"]
[Black "Mackovic, Miroslav"]
[Result "1/2-1/2"]
[WhiteElo "1984"]
[BlackElo "1846"]
[PlyCount "42"]
[EventDate "2015.??.??"]

1. e4 c5 2. Nf3 d6 3. d4 cxd4 4. Nxd4 Nf6 5. Nc3 a6 6. Bc4 e6 7. Bb3 Nbd7 8.
O-O Nc5 9. f3 Nxb3 10. axb3 Qc7 11. Be3 Rb8 12. Qd2 Be7 13. Rfd1 O-O 14. Qf2 b5
15. Qd2 Rd8 16. Rac1 Nd7 17. Qf2 Ne5 18. Rd2 Nc6 19. Rcd1 Nxd4 20. Rxd4 Qc6 21.
R4d2 Bb7 1/2-1/2

[Event "SR 3. liga A2 2014/2015"]
[Site "?"]
[Date "2014.12.14"]
[Round "5.6"]
[White "Kozinka, Jan"]
[Black "Mihalik, Anton"]
[Result "0-1"]
[WhiteElo "1791"]
[BlackElo "1958"]
[PlyCount "52"]
[EventDate "2015.??.??"]

1. e4 c5 2. Nf3 d6 3. d4 cxd4 4. Nxd4 Nf6 5. Nc3 a6 6. Bg5 e6 7. Bd3 Be7 8. O-O
Nbd7 9. Kh1 Qc7 10. f4 b5 11. a3 Bb7 12. Qf3 Nc5 13. Rae1 Nxd3 14. cxd3 Qc5 15.
Qh3 Qxd4 16. f5 e5 17. Rd1 Qb6 18. Rf3 Kd7 19. Be3 Qc7 20. Rc1 Rac8 21. g4 Ke8
22. g5 Nd7 23. Nd5 Qd8 24. f6 Rxc1+ 25. Bxc1 gxf6 26. Nc7+ Qxc7 0-1

[Event "SR 3. liga A2 2014/2015"]
[Site "?"]
[Date "2014.12.14"]
[Round "5.6"]
[White "Nemsak, Denis"]
[Black "Capanda, Jan"]
[Result "1-0"]
[WhiteElo "1957"]
[BlackElo "1762"]
[PlyCount "81"]
[EventDate "2015.??.??"]

1. c4 c5 2. Nc3 Nc6 3. g3 g6 4. Bg2 Bg7 5. d3 Nf6 6. e4 d6 7. Nge2 O-O 8. O-O
Rb8 9. Be3 a6 10. Rc1 Ng4 11. Bg5 h6 12. Bd2 Kh7 13. h3 Nge5 14. Be3 Nd7 15. f4
Nd4 16. f5 Ne5 17. Nxd4 cxd4 18. Bxd4 Nf3+ 19. Qxf3 Bxd4+ 20. Kh1 Bd7 21. b3 g5
22. Ne2 Ba7 23. d4 f6 24. b4 Rg8 25. Qc3 Rc8 26. e5 Rc7 27. Bd5 Rf8 28. Be6
Bc6+ 29. d5 Bb5 30. Qd3 Be8 31. exf6 exf6 32. Nd4 Re7 33. c5 Rc7 34. Qa3 Qe7
35. Rfe1 Qd8 36. Qa5 b6 37. cxb6 Rxc1 38. Rxc1 Bxb6 39. Qxa6 Bxd4 40. Qa7+ Bf7
41. Bxf7 1-0

[Event "SR 3. liga A2 2014/2015"]
[Site "?"]
[Date "2014.12.14"]
[Round "5.6"]
[White "Bango, Dominik"]
[Black "Curidlo, Jan"]
[Result "1/2-1/2"]
[WhiteElo "1557"]
[BlackElo "1889"]
[PlyCount "150"]
[EventDate "2015.??.??"]

1. e4 c5 2. Nf3 d6 3. d4 cxd4 4. Nxd4 Nf6 5. Nc3 a6 6. Be3 e6 7. Be2 Qc7 8. f3
Nc6 9. Qd2 Be7 10. O-O O-O 11. Rad1 Ne5 12. b3 b5 13. a4 bxa4 14. Nxa4 Bb7 15.
Bd3 Ned7 16. Qf2 d5 17. exd5 Nxd5 18. Bd2 g6 19. Bh6 Rfe8 20. c4 N5b6 21. Nc3
Rad8 22. Be4 Nf6 23. Bxb7 Qxb7 24. Kh1 Qc7 25. Be3 Nc8 26. Nc2 Rxd1 27. Rxd1
Bd6 28. Ne2 e5 29. c5 Bf8 30. b4 Re6 31. Nc3 Ne7 32. h3 Qc6 33. Qd2 Nf5 34. Bf2
Bh6 35. Qd8+ Re8 36. Qd3 Bf8 37. Nd5 Be7 38. Nxe7+ Rxe7 39. Ra1 e4 40. Qxa6
Qxa6 41. Rxa6 e3 42. Nxe3 Nxe3 43. Bxe3 Nd5 44. Bd4 f5 45. b5 Nc7 46. Ra7 Re1+
47. Bg1 Nxb5 48. Ra8+ Kf7 49. Rb8 Nd4 50. Kh2 Nc6 51. Rb7+ Re7 52. Rxe7+ Kxe7
53. Kg3 Kf6 54. Kf4 g5+ 55. Ke3 h5 56. Kd3 Ke5 57. Kc4 f4 58. Bf2 Ke6 59. Be1
Ne5+ 60. Kb5 Kd5 61. Bc3 Nc6 62. Bf6 g4 63. hxg4 hxg4 64. fxg4 Na7+ 65. Kb6 Nc6
66. g5 Nb8 67. Be7 Nd7+ 68. Kc7 Ne5 69. Bd6 f3 70. gxf3 Nxf3 71. g6 Nd4 72. Kd7
Nf5 73. g7 Nxg7 74. c6 Ne6 75. Bb4 Ke5 1/2-1/2

[Event "SR 3. liga A2 2014/2015"]
[Site "?"]
[Date "2014.12.14"]
[Round "5.6"]
[White "Verba, Vladimir"]
[Black "Vagovic, Milan"]
[Result "1-0"]
[WhiteElo "1789"]
[BlackElo "1610"]
[PlyCount "73"]
[EventDate "2015.??.??"]

1. Nf3 Nf6 2. c4 e6 3. g3 b6 4. Bg2 Bb7 5. O-O Be7 6. b3 d6 7. Bb2 Nbd7 8. d4
O-O 9. Nc3 Rc8 10. Re1 c6 11. e4 h6 12. e5 Nh7 13. Qe2 d5 14. Rac1 Re8 15. cxd5
cxd5 16. Nb5 a6 17. Rxc8 Bxc8 18. Nd6 Bxd6 19. exd6 Nb8 20. Ba3 f6 21. Qd3 Nc6
22. Rc1 Bb7 23. Nh4 Nf8 24. f4 Qd7 25. f5 Rc8 26. Re1 Nd8 27. fxe6 Ndxe6 28.
Nf5 Re8 29. Ne7+ Kh8 30. Bh3 Bc8 31. Ng6+ Kg8 32. Qf5 Nxd4 33. Qxd5+ Nde6 34.
Nxf8 Kxf8 35. Bxe6 Rxe6 36. Rxe6 Qxe6 37. d7+ 1-0

[Event "SR 3. liga A2 2014/2015"]
[Site "?"]
[Date "2015.01.11"]
[Round "6.1"]
[White "Horak, Ivan"]
[Black "Abel, Peter"]
[Result "0-1"]
[WhiteElo "2070"]
[BlackElo "2174"]
[PlyCount "138"]
[EventDate "2015.??.??"]

1. e4 Nf6 2. Nc3 d5 3. exd5 Nxd5 4. Bc4 e6 5. Qh5 Nf4 6. Qg4 Qd4 7. Be2 Nxe2 8.
Qxe2 Nc6 9. Nf3 Qc5 10. d3 Be7 11. Be3 Qa5 12. O-O O-O 13. d4 a6 14. a3 Qh5 15.
Rad1 Rd8 16. Rfe1 b6 17. Bf4 Rd7 18. Bxc7 Rxc7 19. d5 Bb7 20. d6 Rcc8 21. dxe7
Nxe7 22. Ne5 Qxe2 23. Rxe2 Nd5 24. Nxd5 Bxd5 25. Red2 b5 26. f3 Ra7 27. Nd3 Kf8
28. Nb4 Ba8 29. Rd8+ Rxd8 30. Rxd8+ Ke7 31. Rc8 Kd6 32. Kf2 a5 33. Nd3 Bc6 34.
Ke3 h6 35. b3 h5 36. Kd4 f6 37. Rd8+ Ke7 38. Rg8 Kd6 39. Rd8+ Ke7 40. Rg8 Kd6
41. Rh8 g6 42. Rd8+ Rd7 43. Rxd7+ Bxd7 44. f4 Bc6 45. g3 Bd7 46. h4 Bc6 47. c4
bxc4 48. bxc4 Ba4 49. c5+ Kc6 50. Nf2 Bc2 51. Kc4 e5 52. fxe5 fxe5 53. g4 Bb1
54. gxh5 gxh5 55. Nh1 Ba2+ 56. Kd3 Kxc5 57. Ng3 Bb1+ 58. Kc3 Bg6 59. Ne2 Kd5
60. Ng3 a4 61. Kb4 Kd4 62. Kxa4 Ke3 63. Kb4 Kf2 64. Nh1+ Kg2 65. Kc5 Kxh1 66.
Kd5 e4 67. Kd4 Kg2 68. Kc3 Kg3 69. a4 Be8 0-1

[Event "SR 3. liga A2 2014/2015"]
[Site "?"]
[Date "2015.01.11"]
[Round "6.1"]
[White "Stepanovic, Branislav"]
[Black "Sefcik, Marek"]
[Result "0-1"]
[WhiteElo "2003"]
[BlackElo "2043"]
[PlyCount "70"]
[EventDate "2015.??.??"]

1. e4 c5 2. Nf3 e6 3. d4 cxd4 4. Nxd4 Bc5 5. Nb3 Bb6 6. Nc3 Ne7 7. Bd3 O-O 8.
O-O f5 9. Kh1 Nbc6 10. Qe2 f4 11. e5 Bc7 12. Qe4 Ng6 13. Nd4 Ncxe5 14. Bb5 a6
15. Ba4 d5 16. Qe2 f3 17. Nxf3 Nxf3 18. gxf3 Qh4 19. f4 Nxf4 20. Bxf4 Rxf4 21.
f3 Rxa4 22. Nxa4 Qxa4 23. b3 Qf4 24. Rad1 Bd7 25. c4 d4 26. Rf2 e5 27. Qe4 Qxe4
28. fxe4 Bc6 29. Re2 Rf8 30. b4 Rf4 31. Rde1 d3 32. Re3 Rxe4 33. Rxe4 Bxe4+ 34.
Kg1 Bf3 35. Kf2 d2 0-1

[Event "SR 3. liga A2 2014/2015"]
[Site "?"]
[Date "2015.01.11"]
[Round "6.1"]
[White "Chabada, Tomas"]
[Black "Manak, Jozef"]
[Result "0-1"]
[WhiteElo "1987"]
[BlackElo "1984"]
[PlyCount "80"]
[EventDate "2015.??.??"]

1. e4 c5 2. Nf3 d6 3. d4 cxd4 4. Nxd4 Nf6 5. Nc3 a6 6. Be3 e5 7. Nb3 Be7 8. f3
O-O 9. Qd2 Be6 10. O-O-O Qc7 11. g4 b5 12. g5 b4 13. Nd5 Nxd5 14. exd5 Bf5 15.
Bd3 Bxd3 16. Qxd3 Nd7 17. h4 a5 18. Kb1 a4 19. Nd2 Rfc8 20. Ne4 f5 21. gxf6
Nxf6 22. Bg5 Nxe4 23. fxe4 Bxg5 24. hxg5 Qc4 25. g6 h6 26. Qh3 Qxc2+ 27. Ka1
Qc7 28. Qe6+ Kh8 29. Rdf1 a3 30. bxa3 bxa3 31. Qh3 Qb6 32. Qxh6+ gxh6 33. Rxh6+
Kg7 34. Rh7+ Kxg6 35. Rf6+ Kxf6 36. Rf7+ Kg5 37. Rf5+ Kg4 38. Rg5+ Kf3 39. Rg3+
Ke2 40. Rg2+ Qf2 0-1

[Event "SR 3. liga A2 2014/2015"]
[Site "?"]
[Date "2015.01.11"]
[Round "6.1"]
[White "Mihalik, Anton"]
[Black "Kovarik, Oto"]
[Result "1/2-1/2"]
[WhiteElo "1958"]
[BlackElo "1926"]
[PlyCount "26"]
[EventDate "2015.??.??"]

1. c4 e6 2. Nc3 d5 3. cxd5 exd5 4. d4 Nf6 5. Bg5 c6 6. e3 Be7 7. Bd3 Nbd7 8.
Nf3 Nf8 9. Ne5 Ne6 10. Bh4 O-O 11. O-O Nd7 12. Bxe7 Qxe7 13. Nf3 f5 1/2-1/2